Normal view
MARC view
- LeBlanc, Francis.
Entry Personal Name
001 - CONTROL NUMBER
- control field: 1345
003 - CONTROL NUMBER IDENTIFIER
- control field: NUST
005 - DATE AND TIME OF LATEST TRANSACTION
- control field: 20170523140253.0
008 - FIXED-LENGTH DATA ELEMENTS
- fixed length control field: 170523|| aca||aabn | a|a d
040 ## - CATALOGING SOURCE
- Original cataloging agency: NUST
- Transcribing agency: NUST
100 ## - HEADING--PERSONAL NAME
- Personal name: LeBlanc, Francis.
670 ## - SOURCE DATA FOUND
- Source citation: Work cat.: (NUST)0: LeBlanc, Francis., An introduction to stellar astrophysics /, 2010.
